Top 10 najlepiej ocenianych gier Steam z każdego roku - Statystyki

Ogólne statystyki
  • Ten quiz został rozwiązany 12 razy
  • Średni wynik to 63 z 150
Statystyki odpowiedzi
Rok No. Tytuł % Poprawnych
2024 1. Balatro
91%
2015 3. The Witcher 3: Wild Hunt
91%
2013 3. Don't Starve
82%
2012 1. Euro Truck Simulator 2
82%
2017 2. Hollow Knight
82%
2013 9. Neighbours from Hell Compilation
82%
2013 2. Papers, Please
82%
2011 1. Portal 2
82%
2017 1. Slime Rancher
82%
2016 1. Stardew Valley
82%
2022 2. Stray
82%
2011 2. Terraria
82%
2011 8. The Binding of Isaac
82%
2012 3. The Walking Dead
82%
2016 3. American Truck Simulator
73%
2019 8. Baba Is You
73%
2011 6. Batman: Arkham City
73%
2018 2. Bloons TD 6
73%
2017 7. Cuphead
73%
2013 4. Outlast
73%
2019 6. Resident Evil 2
73%
2023 3. Resident Evil 4
73%
2011 4. Saints Row: The Third
73%
2019 3. Slay the Spire
73%
2014 1. South Park™: The Stick of Truth™
73%
2018 10. The Forest
73%
2013 1. The Wolf Among Us
73%
2021 1. Totally Accurate Battle Simulator
73%
2015 2. Undertale
73%
2023 7. Baldur's Gate 3
64%
2018 3. Celeste
64%
2025 9. Clair Obscur: Expedition 33
64%
2021 10. Cookie Clicker
64%
2017 6. Doki Doki Literature Club!
64%
2013 8. Game Dev Tycoon
64%
2012 4. Hotline Miami
64%
2021 8. Inscryption
64%
2015 8. Keep Talking and Nobody Explodes
64%
2023 6. Lethal Company
64%
2015 5. Life is Strange
64%
2011 10. Orcs Must Die!
64%
2022 8. Persona 5 Royal
64%
2023 2. Pizza Tower
64%
2025 1. Schedule I
64%
2018 4. Subnautica
64%
2011 5. The Elder Scrolls V: Skyrim
64%
2013 5. Tomb Raider
64%
2011 9. Trine 2: Complete Story
64%
2022 1. Vampire Survivors
64%
2013 7. Age of Empires II
55%
2011 7. Bastion
55%
2024 7. Black Myth: Wukong
55%
2012 5. Castle Crashers®
55%
2018 5. Dead Cells
55%
2025 2. DELTARUNE
55%
2017 10. Divinity: Original Sin 2 - Definitive Edition
55%
2020 10. Factorio
55%
2020 1. Hades
55%
2014 7. METAL GEAR RISING: REVENGEANCE
55%
2024 2. MiSide
55%
2023 5. Papa's Freezeria Deluxe
55%
2013 10. Project Zomboid
55%
2025 5. R.E.P.O.
55%
2018 1. RimWorld
55%
2025 4. Split Fiction
55%
2012 7. Super Hexagon
55%
2020 5. ULTRAKILL
55%
2015 1. BeamNG.drive
45%
2015 4. Broforce
45%
2024 10. Crime Scene Cleaner
45%
2020 7. Deep Rock Galactic
45%
2012 2. Dishonored
45%
2015 10. Duck Game
45%
2012 8. FTL: Faster Than Light
45%
2020 3. Half-Life: Alyx
45%
2016 2. OneShot
45%
2019 9. Oxygen Not Included
45%
2016 8. Sally Face
45%
2024 6. Satisfactory
45%
2020 2. The Henry Stickmin Collection
45%
2014 2. The Room
45%
2022 6. A Castle Full of Cats
36%
2017 3. A Hat in Time
36%
2019 2. A Short Hike
36%
2021 2. Dyson Sphere Program
36%
2020 6. Helltaker
36%
2016 5. INSIDE
36%
2014 6. Kingdom Rush - Tower Defense
36%
2022 3. Neon White
36%
2011 3. Supreme Commander: Forged Alliance
36%
2016 6. The Room Two
36%
2014 9. The Talos Principle
36%
2024 5. WEBFISHING
36%
2014 3. BattleBlock Theater®
27%
2018 8. DUSK
27%
2015 7. Fran Bow
27%
2018 9. GRIS
27%
2019 4. Katana ZERO
27%
2012 10. Little Inferno
27%
2025 10. Nubby's Number Factory
27%
2019 1. People Playground
27%
2019 7. Phoenix Wright: Ace Attorney Trilogy
27%
2016 9. STEINS;GATE
27%
2022 10. The Case of the Golden Idol
27%
2014 5. The Expendabros
27%
2021 5. The Room 4: Old Sins
27%
2012 6. To the Moon
27%
2023 4. Cats Hidden in Paris
18%
2023 8. Chants of Sennaar
18%
2023 10. Crab Champions
18%
2017 5. Finding Paradise
18%
2013 6. Gunpoint
18%
2016 10. Hot Dogs, Horseshoes & Hand Grenades
18%
2015 6. Hylics
18%
2022 9. Ib
18%
2025 7. Poco
18%
2017 4. Ravenfield
18%
2017 9. West of Loathing
18%
2020 8. ATRI -My Dear Moments-
9%
2021 9. Before Your Eyes
9%
2025 3. ENA: Dream BBQ
9%
2018 7. Epic Battle Fantasy 5
9%
2023 1. HoloCure - Save the Fans!
9%
2016 7. Iron Snout
9%
2018 6. Just Shapes & Beats
9%
2022 7. Lil Gator Game
9%
2014 4. One Finger Death Punch
9%
2022 5. Patrick's Parabox
9%
2021 3. Rhythm Doctor
9%
2020 4. Senren*Banka
9%
2024 4. Sheepy: A Short Adventure
9%
2024 3. The WereCleaner
9%
2021 7. Touhou Mystia's Izakaya
9%
2016 4. VA-11 Hall-A: Cyberpunk Bartender Action
9%
2023 9. Volcano Princess
9%
2015 9. Eternal Senia
0%
2014 10. Everlasting Summer
0%
2021 6. Firework
0%
2017 8. Gorogoa
0%
2019 5. Grimm's Hollow
0%
2014 8. Hexcells
0%
2025 8. Kabuto Park
0%
2020 9. Our Life: Beginnings & Always
0%
2024 9. Paper Lily
0%
2012 9. Primordia
0%
2024 8. Shiina Taki's Decameron
0%
2019 10. Tales of the Black Forest
0%
2025 6. Threefold Recital
0%
2021 4. TOEM: A Photo Adventure
0%
2022 4. Wobbledogs
0%
Nie znaleziono quizów pasujących do podanych kryteriów
Rozkład punktacji
Procent ludzi z każdym wynikiem
Percentyl według liczby udzielonych odpowiedzi
Twoja historia wyników
Nie rozwiązałeś tego quizu